Glycolysis - Statistics

General Stats
  • This quiz has been taken 258 times
  • The average score is 8 of 21
Answer Stats
Hint Answer % Correct
Starting Material Glucose
99%
Intermediate 1 Glucose 6-phosphate
63%
Final Product Pyruvate
61%
Enzyme 1 Hexokinase
55%
Intermediate 2 Fructose 6-phosphate
54%
Intermediate 5 Glyceraldehyde 3-phosphate
44%
Enzyme 3 Phosphofructokinase-1
41%
Intermediate 4 Dihydroxyacetone phosphate
40%
Intermediate 3 Fructose 1,6-bisphosphate
38%
Intermediate 9 Phosphoenolpyruvate
36%
Enzyme 2 Phosphoglucoisomerase
36%
Enzyme 4 Aldolase
33%
Enzyme 10 Pyruvate kinase
33%
Enzyme 5 (Converts between intermediates 4 and 5) Triose phosphate isomerase
31%
Intermediate 7 3-phosphoglycerate
28%
Enzyme 9 Enolase
28%
Intermediate 8 2-phosphoglycerate
26%
Intermediate 6 1,3-bisphosphoglycerate
24%
Enzyme 8 Phosphoglycerate mutase
23%
Enzyme 6 Glyceraldehyde 3-phosphate dehydrogenase
21%
Enzyme 7 Phosphoglycerate kinase
21%
No matching quizzes found
Score Distribution
Percent of People with Each Score
Percentile by Number Answered
Your Score History
You have not taken this quiz